Welcome to WEB OPAC of MRSPTU Central Library

Heat Treatment of Metals (Record no. 6701)

MARC details
000 -LEADER
fixed length control field 00430nam a2200169Ia 4500
008 - FIXED-LENGTH DATA ELEMENTS--GENERAL INFORMATION
fixed length control field 230711s9999||||xx |||||||||||||| ||und||
020 ## - INTERNATIONAL STANDARD BOOK NUMBER
International Standard Book Number 81-239-0601-3
041 ## - LANGUAGE CODE
Language code of text/sound track or separate title ENG
082 ## - DEWEY DECIMAL CLASSIFICATION NUMBER
Classification number 621.4022
Item number ZA-H
100 ## - MAIN ENTRY--PERSONAL NAME
Personal name Zakharov,B
245 #0 - TITLE STATEMENT
Title Heat Treatment of Metals
250 ## - EDITION STATEMENT
Edition statement 1st Ed.
260 ## - PUBLICATION, DISTRIBUTION, ETC.
Date of publication, distribution, etc. 1998
Place of publication, distribution, etc. New Delhi
Name of publisher, distributor, etc. CBS Publishers & Distributors Pvt.Ltd
300 ## - PHYSICAL DESCRIPTION
Extent 311p.
650 ## - SUBJECT ADDED ENTRY--TOPICAL TERM
Topical term or geographic name entry element Mechanical Engineering
942 ## - ADDED ENTRY ELEMENTS (KOHA)
Koha item type Book
Holdings
Withdrawn status Lost status Damaged status Not for loan Collection Home library Current library Date acquired Source of acquisition Cost, normal purchase price Inventory number Total checkouts Full call number Barcode Date last seen Price effective from Koha item type
          MRSPTU Central Library MRSPTU Central Library 09/01/2043 Krishna Book Distributors 160.00 KBD/2017-2018/1019543059   621.4022 ZA-H 39851 08/17/2023 08/17/2023 Book
          MRSPTU Central Library MRSPTU Central Library 09/01/2043 Krishna Book Distributors 160.00 KBD/2017-2018/1019543059   621.4022 ZA-H 39852 08/17/2023 08/17/2023 Book
          MRSPTU Central Library MRSPTU Central Library 09/01/2043 Krishna Book Distributors 160.00 KBD/2017-2018/1019543059   621.4022 ZA-H 39853 08/17/2023 08/17/2023 Book
          MRSPTU Central Library MRSPTU Central Library 09/01/2043 Krishna Book Distributors 160.00 KBD/2017-2018/1019543059   621.4022 ZA-H 39854 08/17/2023 08/17/2023 Book
          MRSPTU Central Library MRSPTU Central Library 09/01/2043 Krishna Book Distributors 160.00 KBD/2017-2018/1019543059   621.4022 ZA-H 39855 08/17/2023 08/17/2023 Book
          MRSPTU Central Library MRSPTU Central Library 09/01/2043 Krishna Book Distributors 160.00 KBD/2017-2018/1019543059   621.4022 ZA-H 39856 08/17/2023 08/17/2023 Book

Website Designed and Developed by MRSPTU Central Library Team

E-mail Id: librarian@mrsptu.ac.in